000 00567cam a2200193 4500500
005 20260329005357.0
041 _afre
042 _adc
100 1 0 _aDurand, Jean-Marie
_eauthor
245 0 0 _aPour une insurrection des sens
260 _c2023.
500 _a83
690 _aAffect
690 _aJean-Philippe Pierron
690 _aRécit
690 _aSens
786 0 _nPhilosophie magazine | 170 | 6 | 2023-06-01 | p. 56-57 | 1951-1787
856 4 1 _uhttps://shs.cairn.info/magazine-philosophie-magazine-2023-6-page-56?lang=fr&redirect-ssocas=7080
999 _c1842806
_d1842806